Problems and Solutions on Thermodynamics and Statistical Mechanics (Record no. 9632)
[ view plain ]
| 000 -LEADER | |
|---|---|
| fixed length control field | 00633nam a22002177a 4500 |
| 003 - CONTROL NUMBER IDENTIFIER | |
| control field | OSt |
| 005 - DATE AND TIME OF LATEST TRANSACTION | |
| control field | 20260417102519.0 |
| 008 - FIXED-LENGTH DATA ELEMENTS--GENERAL INFORMATION | |
| fixed length control field | 260417b |||||||| |||| 00| 0 eng d |
| 020 ## - INTERNATIONAL STANDARD BOOK NUMBER | |
| International Standard Book Number | 9789811251924 |
| 040 ## - CATALOGING SOURCE | |
| Transcribing agency | DDC |
| 082 ## - DEWEY DECIMAL CLASSIFICATION NUMBER | |
| Classification number | 536.7 PRO 2022 |
| 100 ## - MAIN ENTRY--PERSONAL NAME | |
| Personal name | Edited by Swee, Cheng Lim; Choy, Heng Lai; Leong, Chuan Kwek |
| 9 (RLIN) | 19583 |
| 245 ## - TITLE STATEMENT | |
| Title | Problems and Solutions on Thermodynamics and Statistical Mechanics |
| 250 ## - EDITION STATEMENT | |
| Edition statement | 2nd ed. |
| 260 ## - PUBLICATION, DISTRIBUTION, ETC. (IMPRINT) | |
| Place of publication, distribution, etc. | New Jersey; World scientific, 2022 |
| 300 ## - PHYSICAL DESCRIPTION | |
| Extent | ix,393p.;Ill: 23cm |
| 504 ## - BIBLIOGRAPHY, ETC. NOTE | |
| Bibliography, etc | Index included |
| 650 ## - SUBJECT ADDED ENTRY--TOPICAL TERM | |
| Topical term or geographic name as entry element | Thermodynamics |
| 650 ## - SUBJECT ADDED ENTRY--TOPICAL TERM | |
| Topical term or geographic name as entry element | Mechanics |
| 9 (RLIN) | 819 |
| 942 ## - ADDED ENTRY ELEMENTS (KOHA) | |
| Source of classification or shelving scheme | Other/Generic Classification Scheme |
| Koha item type | Open Shelf |
| Withdrawn status | Lost status | Source of classification or shelving scheme | Damaged status | Not for loan | Home library | Current library | Date acquired | Source of acquisition | Inventory number | Total Checkouts | Full call number | Barcode | Date last seen | Koha item type |
|---|---|---|---|---|---|---|---|---|---|---|---|---|---|---|
| Dewey Decimal Classification | MUST Main Library | MUST Main Library | 17/04/2026 | Purchase | 26/42607 | 536.7 PRO 2022 | 2026-0126 | 17/04/2026 | Open Shelf | |||||
| Dewey Decimal Classification | MUST Main Library | MUST Main Library | 17/04/2026 | Purchase | 26/42608 | 536.7 PRO 2022 | 2026-0127 | 17/04/2026 | Open Shelf | |||||
| Dewey Decimal Classification | MUST Main Library | MUST Main Library | 17/04/2026 | Purchase | 26/42609 | 536.7 PRO 2022 | 2026-0128 | 17/04/2026 | Open Shelf |
